Kompendium sanačních technologií

Enregistré dans:
Détails bibliographiques
Format: Livre
Langue:tchèque
Publié: Chrudim Vodní zdroje Ekomonitor spol. s r.o. 2006
Édition:1. vyd.
Sujets:
Accès en ligne:Voir à l'OPAC
Tags: Ajouter un tag
Pas de tags, Soyez le premier à ajouter un tag!

MARC

LEADER 00000nam a2200000 a 4500
005 20260127134130.0
008 060221 2006 xr 000 0 cze d
020 |a 8086832155 
035 |a vtls008624760 
039 9 |a 201510191028  |b mschk03  |y 200602211431  |z mschk03 
040 |a STUSCHK1  |b slo  |c STUSCHK1  |e AACR2 
245 1 |a Kompendium sanačních technologií 
250 |a 1. vyd. 
260 |a Chrudim  |b Vodní zdroje Ekomonitor spol. s r.o.  |c 2006 
300 |a 255 s. 
650 0 |a sanačné technológie  |x kontaminácia  |y ekologické záťaže 
910 |a SCHK95 
919 |a 80-86832-15-5 
999 |c 4818  |d 4818